000
00303nam a22001217a 4500
003
OSt
008
250109b |||||||| |||| 00| 0 eng d
041
_a
eng
100
_a
Desai,Bhanu L
_9
6896
245
_a
Planning and Planting Designs of Home Gardens
260
_a
New Delhi:
_b
ICAR,
_c
1979.
942
_c
BK
999
_c
18993
_d
18993